Statistics for Nevermind Album Quiz

Click here to take the quiz!

General Stats

  • This quiz has been taken 11 times
  • The average score is 8 of 13

Answer Stats

Track #Song% Correct
Track #1Smells Like Teen Spirit
100%
Track #2In Bloom
91%
Track #3Come as You Are
82%
Track #12Something in the Way
82%
Track #4Breed
73%
Track #13Endless Nameless
64%
Track #5Lithium
64%
Track #9Lounge Act
55%
Track #6Polly
55%
Track #8Drain You
45%
Track #11On a Plain
45%
Track #10Stay Away
45%
Track #7Territorial Pissings
45%

Score Distribution

Percentile by Number Answered

Percent of People with Each Score

Your Score History

You have not taken this quiz